| 000 | 00551nam a22001817a 4500 | ||
|---|---|---|---|
| 005 | 20251108164755.0 | ||
| 008 | 250721s1983 xx 000 0 ara d | ||
| 082 | 1 | 4 | _a810/مصر |
| 100 | 1 | _aالمصري، محمد عبد الغني | |
| 245 | 1 | 0 |
_aدراسات أدبية و نحوية : _bثقافة عامة / |
| 264 | 1 |
_aعمان : _bدار الفرقان، _c1983. |
|
| 300 | _a263ص. | ||
| 650 | 1 | 7 | _aالأدب العربي |
| 650 | 1 | 7 | _aاللغة العربية |
| 650 | 1 | 7 | _aقواعد اللغة |
| 942 |
_2ddc _cBK |
||
| 999 |
_c14032 _d14032 |
||